[Event "38th Olympiad"]
[Site "Dresden GER"]
[Date "2008.11.21"]
[Round "8"]
[White "Somoff,A"]
[Black "Spice,A"]
[Result "0-1"]
[WhiteElo "2282"]
[BlackElo "2173"]
[EventDate "2008.11.13"]

1. e4 e6 2. d4 d5 3. Nc3 Nf6 4. Bg5 Bb4 5. e5 h6 6. Bd2 Bxc3 7. bxc3 Ne4 8.
Bd3 Nxd2 9. Qxd2 c5 10. Nf3 Qa5 11. O-O Nc6 12. dxc5 Qxc5 13. Rab1 O-O 14.
Rfe1 b6 15. Nd4 Bd7 16. Re3 f5 17. Nxc6 Bxc6 18. Rg3 Kh7 19. Rb4 Qe7 20.
Rbg4 Rg8 21. Rh3 g5 22. Rd4 Qg7 23. Re3 Kh8 24. f4 gxf4 25. Rxf4 d4 26. Rg3
dxc3 27. Qxc3 Qb7 28. Bf1 Rxg3 29. Qxg3 Rg8 30. Qf2 Be4 31. Rh4 Rg6 32. Qd2
Kh7 33. c4 Qe7 34. Rh3 Qc5+ 35. Qf2 Qxe5 36. Re3 Qd4 37. Ra3 Qxf2+ 38. Kxf2
Rg7 39. g3 Kg6 40. Rc3 Rc7 41. Ke3 Kf6 42. Rc1 Rc5 43. Rc3 Ra5 44. a3 Ke5
45. Be2 Rc5 46. Rb3 Rc7 47. Rb5+ Kd6 48. Rb2 Ke5 49. Rb5+ Rc5 50. Rb2 Ra5
51. Rb3 Kd6 52. Bh5 Bc2 53. Rc3 Bb1 54. Be2 Re5+ 55. Kd2 Rc5 56. Rb3 Be4
57. Ke3 e5 58. Rb2 Kc7 59. g4 Rc6 60. Rb5 Rc5 61. Rb2 Ra5 62. Rb3 Bc2 63.
Rc3 f4+ 64. Kf3 Bg6 65. h4 Rc5 66. Rb3 Be8 67. Ke4 Bg6+ 68. Kf3 Kd6 69. h5
Be8 70. Rd3+ Ke7 71. Rb3 Bc6+ 72. Kf2 e4 73. Bf1 Kf6 74. Kg2 Kg5 75. Kh3
Bd7 76. Be2 f3 77. Bf1 f2 0-1

[Event "38th Olympiad"]
[Site "Dresden GER"]
[Date "2008.11.21"]
[Round "8"]
[White "Belzo,K"]
[Black "Iturrizaga,E"]
[Result "1/2-1/2"]
[WhiteElo "1993"]
[BlackElo "2538"]
[EventDate "2008.11.13"]

1. g3 Nf6 2. Bg2 d5 3. c4 e6 4. Nf3 Be7 5. O-O O-O 6. d4 dxc4 7. Qc2 a6 8.
a4 Qd5 9. Nbd2 Nc6 10. Qxc4 Rd8 11. Qxd5 exd5 12. Nb3 Ne4 13. Bf4 Bd6 14.
Rfc1 a5 15. Ne5 Ne7 16. Nc5 Nf6 17. Ned3 Nf5 18. e3 c6 19. Bxd6 Nxd6 20. b4
Bf5 21. bxa5 Rxa5 22. Nb3 Ra7 23. Nb4 Nc4 24. a5 Rda8 25. a6 bxa6 26. Nxc6
Rc7 27. Nb4 Be6 28. Nxa6 Rca7 29. Nac5 Ra2 30. Rxa2 Rxa2 31. Ra1 Rxa1+ 32.
Nxa1 Kf8 33. Nc2 Ke7 34. f3 Bf5 35. e4 Bg6 36. Kf2 dxe4 37. fxe4 Ng4+ 38.
Ke2 Nxh2 39. Nb4 f6 40. Nd5+ Kd6 41. Nf4 Bf7 42. Bh3 g5 43. Be6 Bxe6 44.
Nfxe6 h6 45. Ng7 Ng4 46. Nf5+ Kc6 47. Ne6 Kd7 48. Nc5+ Kc6 49. Ne6 Kd7 50.
Nc5+ Ke8 51. Kf3 Nh2+ 52. Kg2 Ng4 53. Kf3 h5 54. Ng7+ Kf7 55. Nxh5 Nge3 56.
g4 Nc2 57. d5 Ne5+ 58. Kg3 Ne3 59. d6 N3xg4 60. d7 Ke7 61. d8=Q+ Kxd8 62.
Nxf6 Nxf6 63. Ne6+ Ke7 64. Nxg5 Ng6 65. Kf3 Kd6 66. Ke3 Kc5 67. Nf7 Ng4+
68. Kf3 Nh2+ 69. Kg2 Ng4 70. Kf3 Nf6 71. Ke3 Nd7 72. Kd3 Nf4+ 73. Ke3 Ne6
74. Kd3 Kb4 75. Nd6 Ne5+ 76. Ke3 Kc5 77. Nf5 Nc4+ 78. Kf3 Kb4 79. Ne3 Nd2+
80. Kg4 Nxe4 81. Kf5 N4c5 82. Ke5 Kb5 83. Nd5 Nd8 84. Kd4 Nc6+ 85. Ke3 Kc4
86. Nb6+ Kc3 87. Nd5+ Kb3 88. Nb6 Nb7 89. Ke4 Kb4 90. Kd5 Kb5 91. Nc8 Nb4+
92. Kd4 Na5 93. Nd6+ Kc6 94. Nc4 Nb7 95. Ne5+ Kd6 96. Nc4+ Ke6 97. Ne3 Nc6+
98. Kc4 Ke5 99. Kb5 Nd4+ 100. Kc4 Ke4 101. Nd1 Na5+ 102. Kb4 Nac6+ 103. Kc5
Ne5 104. Nc3+ Kd3 105. Nb5 Nb3+ 106. Kd5 Ng4 107. Nd6 Nd4 108. Nb7 Ne3+
109. Ke5 Nf3+ 110. Kf4 Ke2 111. Nc5 Nd5+ 112. Ke4 Ne3 113. Ne6 Nd2+ 114.
Kd4 Nc2+ 115. Ke5 Ke3 116. Kd5 Ne4 117. Nc5 Ng5 118. Nb3 Nb4+ 119. Ke5 Nf3+
120. Kf5 Nd3 1/2-1/2

[Event "38th Olympiad"]
[Site "Dresden GER"]
[Date "2008.11.21"]
[Round "8"]
[White "Njobvu,I"]
[Black "Arora,N"]
[Result "1-0"]
[WhiteElo "2247"]
[BlackElo "1887"]
[EventDate "2008.11.13"]

1. c4 c5 2. Nc3 Nc6 3. g3 g6 4. Bg2 Bg7 5. e3 Nf6 6. Nge2 O-O 7. d4 cxd4 8.
Nxd4 a6 9. O-O Qc7 10. b3 d6 11. Bb2 Bg4 12. f3 Bd7 13. Rc1 Rad8 14. Nd5
Qb8 15. Nxc6 Bxc6 16. Nxe7+ Kh8 17. Nd5 Bxd5 18. cxd5 Rfe8 19. e4 Nd7 20.
Bxg7+ Kxg7 21. Qd4+ Kg8 22. Bh3 Re7 23. Rc3 Rc8 24. Rfc1 Rxc3 25. Rxc3 Nc5
26. b4 Na4 27. Rc8+ Qxc8 28. Bxc8 Rc7 29. Be6 fxe6 30. dxe6 Rc1+ 31. Kg2
Rc2+ 32. Kh3 Nc3 33. Qf6 Ne2 34. Qf7+ Kh8 35. Qf8+ 1-0

[Event "38th Olympiad"]
[Site "Dresden GER"]
[Date "2008.11.21"]
[Round "8"]
[White "Goundar,S"]
[Black "Khetho,P"]
[Result "0-1"]
[WhiteElo "1883"]
[BlackElo "2229"]
[EventDate "2008.11.13"]

1. d4 Nf6 2. c4 g6 3. Nc3 Bg7 4. e4 d6 5. f3 c6 6. Be3 a6 7. a4 a5 8. Qd2
Na6 9. Nge2 Nb4 10. Ng3 Bd7 11. Be2 Qc7 12. O-O-O b5 13. Kb1 bxa4 14. Nxa4
c5 15. Nc3 a4 16. Nb5 Bxb5 17. cxb5 a3 18. b3 O-O 19. Rc1 Qa5 20. Rc4 Nd7
21. Rhc1 a2+ 22. Ka1 Qxb5 23. Rxb4 Qxb4 24. Qxb4 cxb4 25. Bb5 Nc5 26. Bc4
Ra3 27. Re1 Rfa8 28. Ne2 Nxb3+ 29. Bxb3 Rxb3 30. Bc1 Rb1+ 0-1

[Event "38th Olympiad"]
[Site "Dresden GER"]
[Date "2008.11.21"]
[Round "8"]
[White "Pitlagano,T"]
[Black "Prasad,C FIJ"]
[Result "1-0"]
[WhiteElo "2155"]
[BlackElo "1888"]
[EventDate "2008.11.13"]

1. e4 c6 2. d4 d5 3. e5 Bf5 4. Ne2 e6 5. Ng3 Bg6 6. h4 h6 7. h5 Bh7 8. Bd3
Bxd3 9. Qxd3 c5 10. c3 Nc6 11. a3 cxd4 12. cxd4 Qb6 13. Ne2 Nge7 14. g4 Na5
15. Nd2 Rc8 16. b3 a6 17. Bb2 Kd7 18. Rc1 Rxc1+ 19. Bxc1 Qc7 20. Bb2 Nc8
21. O-O Be7 22. Rc1 Nc6 23. b4 N8a7 24. Nb3 Rc8 25. Qh7 Qd8 26. Qxg7 Qg8
27. Qxg8 Rxg8 28. f3 Bg5 29. Rd1 Nb5 30. Kf2 b6 31. f4 Be7 32. Kf3 a5 33.
a4 Nc7 34. b5 Nd8 35. Rg1 Ne8 36. Bc1 f6 37. f5 exf5 38. gxf5 Rxg1 39. e6+
Kc7 40. Nxg1 Nd6 41. Kg4 Bf8 42. Ne2 Nc4 43. Nf4 Kd6 44. Ng6 Bg7 45. Bf4+
Ne5+ 46. dxe5+ 1-0

[Event "38th Olympiad"]
[Site "Dresden GER"]
[Date "2008.11.21"]
[Round "8"]
[White "Kumar,M"]
[Black "Barileng,G"]
[Result "0-1"]
[WhiteElo "2019"]
[BlackElo "2107"]
[EventDate "2008.11.13"]

1. d4 Nf6 2. Nf3 g6 3. Bf4 Bg7 4. e3 d6 5. Be2 Nbd7 6. h3 O-O 7. O-O b6 8.
c4 Bb7 9. Nc3 Ne4 10. Nxe4 Bxe4 11. Nd2 Bb7 12. Bf3 Bxf3 13. Nxf3 c5 14.
Bh2 Qc7 15. Qe2 Rfc8 16. d5 a6 17. a4 Rab8 18. Rab1 Rb7 19. Rfc1 Rcb8 20.
Bf4 b5 21. cxb5 axb5 22. axb5 Rxb5 23. Nd4 Rb4 24. Qd2 R8b6 25. Rc2 Nb8 26.
Ne2 Qb7 27. Nc3 Nd7 28. f3 Ne5 29. Bxe5 Bxe5 30. Kf2 Rb3 31. Na4 R6b4 32.
Nc3 Bxc3 33. bxc3 Rxb1 34. cxb4 Rxb4 35. e4 Qb5 36. Ra2 Kg7 37. Qc3+ f6 38.
g4 Rb1 39. Kg3 Rg1+ 40. Rg2 Qf1 41. Rxg1 Qxg1+ 42. Kf4 g5+ 43. Kf5 Qd4 44.
Qxd4 cxd4 45. f4 d3 0-1

[Event "38th Olympiad"]
[Site "Dresden GER"]
[Date "2008.11.21"]
[Round "8"]
[White "Phillips,R"]
[Black "Russell,MKA"]
[Result "1/2-1/2"]
[WhiteElo "2250"]
[BlackElo "2230"]
[EventDate "2008.11.13"]

1. e4 c6 2. d4 d5 3. exd5 cxd5 4. Bd3 Nc6 5. c3 Qc7 6. Ne2 Bg4 7. f3 Bd7 8.
Bf4 e5 9. dxe5 Nxe5 10. Bc2 Bd6 11. Ba4 Bc6 12. O-O Ne7 13. Nd4 O-O 14. Bb3
Nc4 15. Bxd6 Qxd6 16. Bxc4 dxc4 17. Nd2 Qc5 18. Qe2 Bd5 19. Qf2 Rad8 20.
Nc2 Qb5 21. Rab1 Nc6 22. b3 Qa6 23. Ne3 cxb3 24. axb3 Rfe8 25. c4 Be6 26.
Ne4 Nb4 27. Ra1 Qb6 28. c5 Qc6 29. Nd6 Re7 30. Qh4 Qxc5 31. Qxe7 Qxe3+ 32.
Kh1 Nc6 33. Nc4 Nxe7 34. Nxe3 a6 35. Rfd1 Rxd1+ 36. Rxd1 Nc6 37. Nd5 Kf8
38. Kg1 Na5 39. b4 Nc6 40. Nf4 Ke7 41. Nd3 1/2-1/2

[Event "38th Olympiad"]
[Site "Dresden GER"]
[Date "2008.11.21"]
[Round "8"]
[White "Seegolam,P"]
[Black "Wijesuriya,GL"]
[Result "0-1"]
[WhiteElo "2066"]
[BlackElo "2075"]
[EventDate "2008.11.13"]

1. e4 e6 2. d4 d5 3. Nd2 dxe4 4. Nxe4 Nd7 5. Nf3 Be7 6. Bd3 Ngf6 7. Qe2 O-O
8. c3 b6 9. Ne5 Bb7 10. Nxd7 Qxd7 11. f3 Rad8 12. Be3 Nd5 13. Bd2 c5 14.
dxc5 f5 15. Bb5 Bc6 16. Bxc6 Qxc6 17. Ng3 Bxc5 18. O-O-O Rfe8 19. Kb1 b5
20. Bg5 Rb8 21. Rhe1 b4 22. cxb4 Bxb4 23. Bd2 Bxd2 24. Qxd2 Nc3+ 25. Ka1
Nxd1 26. Qxd1 Rec8 27. Ne2 Rd8 28. Qb1 Rd2 29. b3 Rc8 30. h3 Qd5 31. f4
Rcc2 32. Rc1 Rxc1 0-1

[Event "38th Olympiad"]
[Site "Dresden GER"]
[Date "2008.11.21"]
[Round "8"]
[White "Annurudha,G"]
[Black "Li Ying,P"]
[Result "1-0"]
[WhiteElo "2212"]
[BlackElo "2153"]
[EventDate "2008.11.13"]

1. d4 Nf6 2. c4 g6 3. Nc3 Bg7 4. g3 O-O 5. Bg2 c6 6. e4 d6 7. Nge2 e5 8. d5
a6 9. b4 cxd5 10. cxd5 Qb6 11. Rb1 Ng4 12. O-O f5 13. h3 Nf6 14. Be3 Qd8
15. Kh2 Nbd7 16. a4 Nxe4 17. Nxe4 fxe4 18. Nc3 Nf6 19. a5 Bd7 20. Rc1 Qe8
21. Bg5 Rc8 22. Qd2 Rc4 23. Bxf6 Rd4 24. Qb2 Bxf6 25. Nxe4 Be7 26. Rfd1
Rxd1 27. Rxd1 Bf5 28. Nc3 Qc8 29. g4 Bd7 30. Ne4 Qb8 31. Rc1 Rc8 32. Bf1
Rxc1 33. Qxc1 Qc8 34. Qxc8+ Bxc8 35. b5 axb5 36. Bxb5 Kf7 37. Kg3 h6 38. h4
h5 39. f3 Kf8 40. Nd2 Bd8 41. Nc4 Ke7 42. Ba4 Bc7 43. Bc2 hxg4 44. fxg4 Kf7
45. Nb6 Bxb6 46. axb6 Bd7 47. Bd3 Kf6 48. g5+ Kg7 49. h5 gxh5 50. Kh4 Bg4
51. Ba6 Bc8 52. Bb5 e4 53. Kxh5 e3 54. Kh4 Bf5 55. Kg3 Kg6 56. Kf4 Bd7 57.
Ba6 bxa6 58. b7 e2 59. Ke4 1-0

[Event "38th Olympiad"]
[Site "Dresden GER"]
[Date "2008.11.21"]
[Round "8"]
[White "Matthews,S"]
[Black "Mak Kei Keng"]
[Result "1-0"]
[WhiteElo "2179"]
[BlackElo "2017"]
[EventDate "2008.11.13"]

1. e4 c5 2. Nf3 e6 3. d4 cxd4 4. Nxd4 a6 5. Bd3 Qc7 6. O-O b5 7. a4 Nc6 8.
Nxc6 dxc6 9. axb5 c5 10. Nc3 c4 11. Be2 Bb7 12. bxa6 Rxa6 13. Rxa6 Bxa6 14.
Be3 Bd6 15. f4 Ne7 16. Qa1 Qc6 17. e5 Nf5 18. Bf3 Qc8 19. Qa4+ Kf8 20. exd6
Nxd6 21. Qb4 Ke7 22. Rd1 Rd8 23. Bc5 1-0

[Event "38th Olympiad"]
[Site "Dresden GER"]
[Date "2008.11.21"]
[Round "8"]
[White "Ssegirinya,J"]
[Black "Rowe,D"]
[Result "0-1"]
[WhiteElo "2013"]
[BlackElo "2203"]
[EventDate "2008.11.13"]

1. d4 Nf6 2. Nf3 c5 3. d5 e6 4. c4 exd5 5. cxd5 d6 6. Nc3 g6 7. e4 Bg7 8.
Bd3 O-O 9. O-O Bg4 10. h3 Bxf3 11. Qxf3 a6 12. a4 Nbd7 13. Bf4 Qe7 14. Be2
Ne5 15. Qg3 Nfd7 16. Rac1 Rab8 17. h4 c4 18. Rc2 Nc5 19. h5 b5 20. axb5
axb5 21. Be3 Ned7 22. f3 Rfc8 23. Bg5 Bf6 24. Bf4 Ne5 25. hxg6 hxg6 26. Qh3
Ned3 27. Be3 Re8 28. Ra1 Nb3 29. Rd1 Nb4 30. Rcc1 Nxc1 31. Rxc1 Be5 32. f4
Bg7 33. Kf2 Nd3+ 34. Bxd3 b4 35. Bxc4 bxc3 36. bxc3 Qxe4 37. Rh1 Qxc4 38.
Qh7+ Kf8 39. Re1 0-1

[Event "38th Olympiad"]
[Site "Dresden GER"]
[Date "2008.11.21"]
[Round "8"]
[White "Pitterson,J"]
[Black "Ho Cheng Fai"]
[Result "1-0"]
[WhiteElo "2223"]
[BlackElo "2041"]
[EventDate "2008.11.13"]

1. d4 d5 2. c4 e6 3. Nf3 Nf6 4. g3 Nbd7 5. Bg2 Bb4+ 6. Bd2 Bxd2+ 7. Nbxd2
O-O 8. Qc2 c6 9. O-O Qe7 10. Rfe1 e5 11. e4 dxc4 12. Nxc4 exd4 13. e5 d3
14. Qxd3 Nd5 15. Nd4 Nc5 16. Qe2 f6 17. a3 fxe5 18. Nxe5 Qf6 19. Rac1 Ne6
20. Nxe6 Qxe6 21. Nxc6 1-0

[Event "38th Olympiad"]
[Site "Dresden GER"]
[Date "2008.11.21"]
[Round "8"]
[White "Simutowe,A"]
[Black "Corke,A"]
[Result "0-1"]
[WhiteElo "2462"]
[BlackElo "2301"]
[EventDate "2008.11.13"]

1. c4 e5 2. Nc3 Nf6 3. Nf3 Nc6 4. d4 exd4 5. Nxd4 Bb4 6. Bg5 O-O 7. Rc1 h6
8. Bh4 Ne5 9. a3 Bxc3+ 10. Rxc3 Ng6 11. Bxf6 Qxf6 12. g3 d6 13. Bg2 c6 14.
O-O h5 15. e4 h4 16. f4 hxg3 17. hxg3 Ne7 18. Rd3 Qg6 19. Qd2 f5 20. Re1
fxe4 21. Bxe4 Bf5 22. Qg2 Rae8 23. Rde3 Bxe4 24. Rxe4 Nc8 25. Ne6 Rf6 26.
g4 Rfxe6 27. f5 Rxe4 28. Rxe4 Qf7 29. b4 Rxe4 30. Qxe4 Qe7 31. Qf3 Nb6 32.
b5 Qe5 33. bxc6 bxc6 34. Qd3 Qc5+ 35. Kh2 Nxc4 36. f6 Qe5+ 37. Kh3 Qe3+ 38.
Qxe3 Nxe3 39. fxg7 Kxg7 40. Kg3 Nxg4 41. Kxg4 Kf6 42. Kf4 d5 43. Ke3 Ke5
44. Kd3 d4 45. a4 Kd5 46. a5 a6 47. Kc2 Ke5 0-1

[Event "38th Olympiad"]
[Site "Dresden GER"]
[Date "2008.11.21"]
[Round "8"]
[White "Jere,D"]
[Black "Yu,Ma"]
[Result "1/2-1/2"]
[WhiteElo "2240"]
[BlackElo "2006"]
[EventDate "2008.11.13"]

1. c4 e5 2. g3 Nf6 3. Bg2 d5 4. cxd5 Nxd5 5. Nf3 Nc6 6. O-O Be7 7. d4 e4 8.
Ne5 f5 9. Nxc6 bxc6 10. Nc3 Be6 11. Qa4 Qd7 12. Nxd5 cxd5 13. Qxd7+ Kxd7
14. Bf4 Rhb8 15. Rfc1 Bd6 16. Bxd6 Kxd6 17. Rc2 Rb6 18. Rac1 c6 19. f3 Rab8
20. Bh3 g6 21. Rc5 Bd7 22. b3 Rb5 23. fxe4 dxe4 24. e3 Rxc5 25. Rxc5 Rb5
26. Rc2 c5 27. Bf1 Ra5 28. dxc5+ Rxc5 29. Rxc5 Kxc5 30. a3 a5 31. Bc4 h6
32. Bf7 g5 33. Kf2 Kd6 34. Bc4 Bc8 35. h4 Ke5 36. hxg5 hxg5 37. b4 axb4 38.
axb4 Bb7 39. Bf7 Bc6 40. Bc4 Bb7 41. Bb5 f4 42. Be8 f3 43. Bb5 Kd6 44. Ke1
Kc7 45. Bc4 Kb6 46. Kf2 Ba6 47. Bf7 Bd3 48. Be8 Bc4 49. Bd7 Bd5 50. Be8 Bc6
51. Bf7 Kb5 52. Be6 Kxb4 53. Bf7 Kc5 54. Bg6 Kd6 55. Bf7 Bd5 56. Be8 Ke7
57. Ba4 Kd8 58. Bb5 Kc7 59. Be8 Bc6 60. Bg6 1/2-1/2

[Event "38th Olympiad"]
[Site "Dresden GER"]
[Date "2008.11.21"]
[Round "8"]
[White "Warner,De"]
[Black "De la Riva Aguado,O"]
[Result "1/2-1/2"]
[WhiteElo "2226"]
[BlackElo "2537"]
[EventDate "2008.11.13"]

1. d4 f5 2. Nf3 Nf6 3. g3 g6 4. Bg2 Bg7 5. O-O O-O 6. b4 c6 7. Bb2 Na6 8.
a3 d6 9. c4 Kh8 10. Nbd2 Nc7 11. Qc2 Be6 12. a4 Bg8 13. a5 Rc8 14. Rac1 b5
15. axb6 axb6 16. Ne1 Ne6 17. e3 b5 18. Nd3 Ng5 19. f3 bxc4 20. Nxc4 Qc7
21. Na5 Qb6 22. Qa4 Bd5 23. h4 Ne6 24. Rfe1 Qb5 25. Qa3 Nd8 26. Nf4 Ne6 27.
Nd3 Nd8 28. Nf4 Ne6 1/2-1/2

[Event "38th Olympiad"]
[Site "Dresden GER"]
[Date "2008.11.21"]
[Round "8"]
[White "Garcia,Rau"]
[Black "Del Castilho,M"]
[Result "0-1"]
[WhiteElo "2257"]
[BlackElo "2161"]
[EventDate "2008.11.13"]

1. d4 d5 2. Nf3 Nf6 3. c4 c6 4. e3 a6 5. Nbd2 Bf5 6. Nh4 Be4 7. f3 Bg6 8.
Nxg6 hxg6 9. Be2 Nbd7 10. O-O e5 11. dxe5 Nxe5 12. cxd5 Nxd5 13. Ne4 Qb6
14. Qb3 Qxb3 15. axb3 Bb4 16. f4 Nd7 17. Bf3 O-O 18. Nf2 Nc5 19. Bd1 Rfe8
20. Ng4 Nd3 21. Bf3 Nxc1 22. Bxd5 Ne2+ 23. Kf2 cxd5 24. Kxe2 d4 25. Rfd1
dxe3 26. Nxe3 Bc5 27. Rd3 Re4 28. Kf3 Rae8 29. Nc4 Re2 30. Ra5 b5 31. Ne5
Rf2+ 32. Kg3 Rxb2 33. Rxa6 f6 34. Nd7 Re3+ 35. Rxe3 Bxe3 36. Kf3 Rxb3 37.
Ke4 Bg1 38. h3 Rg3 39. Ra2 b4 40. Rb2 Re3+ 41. Kd5 Rd3+ 42. Ke6 b3 0-1

[Event "38th Olympiad"]
[Site "Dresden GER"]
[Date "2008.11.21"]
[Round "8"]
[White "Corbin,Ph"]
[Black "Jose Queralto,D"]
[Result "1/2-1/2"]
[WhiteElo "2176"]
[BlackElo "2125"]
[EventDate "2008.11.13"]

1. e4 e5 2. Nf3 Nf6 3. d4 Nxe4 4. Bd3 d5 5. Nxe5 Nd7 6. Nxd7 Bxd7 7. O-O
Be7 8. c4 Nf6 9. Nc3 Be6 10. cxd5 Nxd5 11. Re1 O-O 12. Qh5 g6 13. Qf3 c6
14. Bh6 Re8 15. Re2 Nb4 16. a3 Nxd3 17. Qxd3 Qd7 18. Rd1 Rad8 19. Ne4 f5
20. Ng5 Bd5 21. h4 Bf6 22. h5 Rxe2 23. Qxe2 Bb3 24. Re1 Bf7 25. hxg6 hxg6
26. Rd1 Bxd4 27. Nh3 c5 28. Qd3 Qe6 29. Qg3 Re8 30. Ng5 Qe2 31. Rc1 b6 32.
b4 Qh5 33. Qc7 Bxf2+ 34. Kxf2 Qh4+ 35. Kg1 Re1+ 36. Rxe1 Qxe1+ 37. Kh2 Qh4+
38. Kg1 Qe1+ 39. Kh2 Qh4+ 40. Kg1 1/2-1/2

[Event "38th Olympiad"]
[Site "Dresden GER"]
[Date "2008.11.21"]
[Round "8"]
[White "Fernandez Lopez,Jo"]
[Black "Daniel,K"]
[Result "1-0"]
[WhiteElo "2095"]
[BlackElo "2001"]
[EventDate "2008.11.13"]

1. e4 e6 2. d3 d5 3. Nd2 c5 4. Ngf3 Nc6 5. g3 g6 6. Bg2 Bg7 7. O-O Nge7 8.
Re1 b6 9. e5 Qc7 10. Qe2 h6 11. h4 Bb7 12. Nf1 Nf5 13. Bf4 Ncd4 14. Nxd4
Nxd4 15. Qd2 Nf5 16. Nh2 d4 17. Ng4 Bxg2 18. Kxg2 Qb7+ 19. f3 O-O-O 20. b4
Rd5 21. a4 Qc7 22. Rab1 c4 23. dxc4 Qxc4 24. Qd3 Qxd3 25. cxd3 Kb7 26. Nf6
Bxf6 27. exf6 Rc8 28. Rbc1 Rdd8 29. Rxc8 Rxc8 30. Rc1 Rxc1 31. Bxc1 Kc6 32.
Kf2 a6 33. g4 Nxh4 34. Bxh6 g5 35. Bxg5 Ng6 36. Bc1 b5 37. a5 Kd5 38. f4
Nf8 39. g5 e5 40. f5 e4 41. dxe4+ Kxe4 42. g6 fxg6 43. Bh6 Kxf5 44. Bxf8
Kxf6 45. Ke2 Ke5 46. Kd3 Kd5 47. Bg7 g5 48. Bxd4 g4 49. Bf2 Ke5 50. Bg3+
Kd5 51. Bh2 Ke6 52. Ke4 1-0

[Event "38th Olympiad"]
[Site "Dresden GER"]
[Date "2008.11.21"]
[Round "8"]
[White "Adu,O"]
[Black "Berlinsky,V"]
[Result "0-1"]
[WhiteElo "2298"]
[BlackElo "2325"]
[EventDate "2008.11.13"]

1. e4 e6 2. d3 d5 3. Nd2 Nf6 4. Ngf3 Nc6 5. e5 Nd7 6. d4 f6 7. exf6 Qxf6 8.
Bb5 Nxd4 9. Nxd4 Qxd4 10. O-O c6 11. Bd3 Ne5 12. Be2 Bd6 13. Nc4 Bc5 14.
Nxe5 Qxe5 15. Kh1 O-O 16. f4 Qf6 17. Bd3 Bd7 18. Bd2 g6 19. Qe1 Bd6 20. Bc3
d4 21. Bd2 Rac8 22. b4 b6 23. c4 c5 24. b5 Rce8 25. a4 Qd8 26. a5 e5 27.
fxe5 Rxe5 28. Rxf8+ Qxf8 29. Qf1 Qxf1+ 30. Bxf1 Rf5 31. Bd3 Rf2 32. axb6
axb6 33. Bh6 Bf5 34. Kg1 Rb2 35. Bxf5 gxf5 36. g3 Kf7 37. Ra6 d3 38. Rxb6
Be5 39. Kf1 Rxh2 40. Rb7+ Ke6 41. Rb6+ Kd7 42. Rb7+ Kc8 43. Re7 Bf6 0-1

[Event "38th Olympiad"]
[Site "Dresden GER"]
[Date "2008.11.21"]
[Round "8"]
[White "Adebayo,A"]
[Black "Wassin,S"]
[Result "1-0"]
[WhiteElo "2266"]
[BlackElo "2325"]
[EventDate "2008.11.13"]

1. d4 Nf6 2. Bg5 Ne4 3. Bf4 c5 4. f3 Qa5+ 5. c3 Nf6 6. Nd2 cxd4 7. Nb3 Qb6
8. Qxd4 Nc6 9. Qxb6 axb6 10. Nd4 e5 11. Nxc6 exf4 12. Nd4 Bd6 13. e4 fxe3
14. Nf5 Be5 15. Nxg7+ Kf8 16. Nf5 Nd5 17. Bc4 Nxc3 18. f4 Bxf4 19. bxc3 d5
20. Bd3 Bxf5 21. Bxf5 Kg7 22. Ne2 Be5 23. O-O Ra3 24. Rfd1 Rha8 25. Rd3 d4
26. cxd4 Rxa2 27. Rxa2 Rxa2 28. Rxe3 Bd6 29. Be4 b5 30. Bxb7 b4 31. Bd5 h5
32. Bxa2 1-0

[Event "38th Olympiad"]
[Site "Dresden GER"]
[Date "2008.11.21"]
[Round "8"]
[White "Pribeanu,D"]
[Black "Bomo,K"]
[Result "0-1"]
[WhiteElo "2232"]
[BlackElo "1988"]
[EventDate "2008.11.13"]

1. e4 c5 2. Nf3 Nc6 3. d3 Nf6 4. g3 g6 5. Bg2 d5 6. Nbd2 Bg7 7. O-O O-O 8.
Re1 h6 9. a3 Be6 10. h3 Qc8 11. Kh2 Rd8 12. c3 dxe4 13. dxe4 Nd7 14. Qe2
Nde5 15. Nxe5 Nxe5 16. f4 Nd3 17. Rd1 Qc7 18. Nf1 Nxc1 19. Raxc1 Bb3 20.
Rxd8+ Rxd8 21. Qb5 c4 22. e5 Rd7 23. e6 fxe6 24. Re1 a6 25. Qb4 e5 26. Ne3
e6 27. Ng4 Rd2 28. Rxe5 Qc6 29. Ne3 Bxe5 30. fxe5 Bc2 31. Kg1 Be4 32. Nxc4
Rxg2+ 0-1

[Event "38th Olympiad"]
[Site "Dresden GER"]
[Date "2008.11.21"]
[Round "8"]
[White "Saeheng,B"]
[Black "Surbir,L"]
[Result "1-0"]
[WhiteElo "2314"]
[BlackElo "2084"]
[EventDate "2008.11.13"]

1. d4 d5 2. c4 c6 3. Nf3 Nf6 4. Nc3 e6 5. g3 Bd6 6. Bg2 O-O 7. O-O Nbd7 8.
Qc2 dxc4 9. Rd1 Qe7 10. Nd2 e5 11. Nxc4 exd4 12. Nxd6 Qxd6 13. e3 d3 14.
Rxd3 Qe5 15. e4 Qh5 16. Bf4 Nc5 17. Rd2 Ne6 18. Bd6 Re8 19. f4 Ng4 20. Bf3
Qh3 21. Rd3 b6 22. Re1 Ba6 23. Rdd1 c5 24. Qg2 Qxg2+ 25. Kxg2 Nh6 26. Nd5
Bb7 27. e5 Kh8 28. Be4 Rad8 29. Kg1 f6 30. Nxf6 gxf6 31. Bxb7 Nd4 32. exf6
Nf7 33. Rxe8+ Rxe8 34. Be7 Kg8 35. Bd5 Nf5 36. Re1 a6 37. Kf2 Nd4 38. g4
1-0

[Event "38th Olympiad"]
[Site "Dresden GER"]
[Date "2008.11.21"]
[Round "8"]
[White "Balram,N"]
[Black "Teerapabpaisit,W"]
[Result "0-1"]
[WhiteElo "1909"]
[BlackElo "2306"]
[EventDate "2008.11.13"]

1. e4 c5 2. Nf3 e6 3. d4 cxd4 4. Nxd4 a6 5. Be3 Nf6 6. f3 Qb6 7. Qc1 Qc7 8.
Bd3 d5 9. Nd2 Bd6 10. c3 Bxh2 11. Qc2 Bg3+ 12. Bf2 h6 13. Nf1 Bxf2+ 14.
Kxf2 dxe4 15. Bxe4 Nbd7 16. Ne3 Nc5 17. Bd3 Nxd3+ 18. Qxd3 Bd7 19. g4 O-O-O
20. Qc2 g6 21. a4 e5 22. Ne2 e4 23. Rhg1 exf3 24. Nd4 h5 25. g5 Qh2+ 26.
Kxf3 Bg4+ 27. Nxg4 hxg4+ 0-1

[Event "38th Olympiad"]
[Site "Dresden GER"]
[Date "2008.11.21"]
[Round "8"]
[White "Pitirotjirathon,J"]
[Black "Sujendra,P"]
[Result "1-0"]
[WhiteElo "2293"]
[BlackElo "2068"]
[EventDate "2008.11.13"]

1. d4 c5 2. d5 d6 3. e4 e5 4. c4 Nf6 5. Nc3 Be7 6. Nf3 Nbd7 7. Be2 Nf8 8.
h4 h5 9. Ng5 Ng6 10. g3 Bd7 11. a3 a6 12. b4 b6 13. Rb1 cxb4 14. axb4 Qc7
15. Bd2 Ng4 16. f3 Nf6 17. Qb3 Kf8 18. Be3 Kg8 19. c5 b5 20. c6 Bc8 21. Ra1
Rb8 22. Kd2 Nh7 23. Nh3 Bd8 24. Nf2 Qe7 25. Nd3 Bb6 26. Bxb6 Rxb6 27. Qb1
f5 28. Qg1 Qc7 29. exf5 Bxf5 30. Qe3 Nf6 31. Nf2 Ne7 32. Qg5 Bc8 33. Bd1
Nfxd5 34. Nxd5 Nxd5 35. Bb3 Be6 36. Ne4 Rh6 37. Rhc1 Nxb4 38. Bxe6+ Rxe6
39. Qf5 Rf6 40. Nxf6+ gxf6 41. Qg6+ Kh8 42. Qxf6+ Kh7 43. Qf5+ Kh6 44. Qg5+
Kh7 45. Qxh5+ Kg7 46. Qg4+ Kf6 47. Qxb4 Rxc6 48. Qe4 Rxc1 49. Rxc1 Qa5+ 50.
Ke2 b4 51. Rc6 Qa2+ 52. Qc2 Qd5 53. Qc4 Qxc4+ 54. Rxc4 a5 55. Rc6 b3 56.
Rxd6+ Ke7 57. Rb6 a4 58. Rb4 Kd6 59. Kd3 Kc5 60. Ke4 1-0

[Event "38th Olympiad"]
[Site "Dresden GER"]
[Date "2008.11.21"]
[Round "8"]
[White "Manish,H"]
[Black "Suppthong,P"]
[Result "1-0"]
[WhiteElo "2028"]
[BlackElo "1966"]
[EventDate "2008.11.13"]

1. e4 c5 2. Nf3 g6 3. c3 Bg7 4. d4 a6 5. dxc5 Nc6 6. Bc4 Nf6 7. O-O O-O 8.
Re1 Ng4 9. h3 Nge5 10. Nxe5 Nxe5 11. Na3 Qc7 12. Qd5 e6 13. Qd6 Qd8 14. Bf4
Nxc4 15. Nxc4 a5 16. Nb6 Ra6 17. a4 Qf6 18. Rad1 Re8 19. Be3 Qh4 20. f3 f5
21. Bf2 Qd8 22. exf5 Bf8 23. Qd4 Bg7 24. Qd6 Bf8 25. Qd3 gxf5 26. Nxd7 Bxd7
27. Qxd7 Qb8 28. b4 axb4 29. cxb4 Re7 30. Qb5 e5 31. Rd7 Rg6 32. Rxe7 Bxe7
33. Qd7 Qf8 34. Qd5+ Kh8 35. Qxe5+ Rg7 36. Bd4 1-0

[Event "38th Olympiad"]
[Site "Dresden GER"]
[Date "2008.11.21"]
[Round "8"]
[White "Kim Yongtae"]
[Black "Huguet,S"]
[Result "0-1"]
[WhiteElo "1853"]
[BlackElo "2109"]
[EventDate "2008.11.13"]

1. d4 Nf6 2. c4 g6 3. Nc3 d5 4. Nf3 Bg7 5. g3 O-O 6. Bg2 c6 7. O-O dxc4 8.
Ne5 Ng4 9. Bf4 Nxe5 10. Bxe5 Bxe5 11. dxe5 Be6 12. Qxd8 Rxd8 13. Rfd1 Nd7
14. f4 Nb6 15. a4 Nd5 16. Bxd5 Bxd5 17. Rd2 Be6 18. Rad1 Rxd2 19. Rxd2 Kf8
20. Kf2 Ke8 21. e4 Rd8 22. Ke3 Rxd2 23. Kxd2 Kd8 24. Nd1 Kc7 25. Ne3 Kb6
26. Kc3 Kc5 27. Nxc4 Bxc4 28. b4+ Kb6 29. Kxc4 a5 30. g4 axb4 31. Kxb4 c5+
32. Kc4 e6 33. h4 h5 34. g5 Kc6 35. f5 Kb6 36. a5+ Kc6 37. f6 b5+ 0-1

[Event "38th Olympiad"]
[Site "Dresden GER"]
[Date "2008.11.21"]
[Round "8"]
[White "Klasan,V"]
[Black "Velasco,S"]
[Result "1-0"]
[WhiteElo "2326"]
[BlackElo "2287"]
[EventDate "2008.11.13"]

1. e4 c5 2. Nf3 e6 3. d4 cxd4 4. Bg5 f6 5. Bc1 Bb4+ 6. Nbd2 Nc6 7. a3 Bxd2+
8. Qxd2 d5 9. exd5 Qxd5 10. b4 a6 11. Bb2 e5 12. c4 Qe4+ 13. Be2 Bf5 14.
O-O Qc2 15. Qxc2 Bxc2 16. b5 Na5 17. bxa6 bxa6 18. Rfe1 Ne7 1-0